Bilecik Bilecik Bilecik Bilecik Bilecik
Normal view MARC view

Entry Konu Terimi

Number of records used in: 1

001 - KONTROL NUMARASI

  • Kontrol alanı: 43978

003 - KONTROL NUMARASI KİMLİĞİ

  • Kontrol alanı: TR-BiSEU

005 - SON İŞLEM TARİHİ VE ZAMANI

  • Kontrol alanı: 20260207002242.0

008 - SABİT UZUNLUKTAKİ VERİ ÖGELERİ - GENEL BİLGİ

  • Sabit uzunlukta kontrol alanı: 260207|| aca||aabn | a|a d

040 ## - KATALOGLAMA KAYNAĞI

  • Özgün kataloglama kurumu: TR-BiSEU
  • Çeviri kurumu: TR-BiSEU

150 ## - KONU BAŞLIKLARI - KONU TERİMİ

  • Konu terimi: Euboea Island (Greece)--History, 16th century--Sources

670 ## - BİLGİNİN KAYNAĞI

  • Bilginin alındığı kaynak: KOHA: (TR-BiSEU)19677: 367 numaralı Muhâsebe-i Vilâyet-i Rûm-ili defteri ile 114, 390 ve 101 numaralı İcmâl defterleri (920-937 / 1514-1530) ; 367 numaralı Muhâsebe-i Vilâyet-i Rûm-ili defteri ile 94 ve 1078 numaralı Avlonya livâsı tahrir defterleri (926-1520 / 937-1530)/